[Event "World Amateur-ch U1700"]
[Site "Cagliari"]
[Date "2018.04.24"]
[Round "4"]
[White "Deiana, Giacomo"]
[Black "Dagnino, Marcello"]
[Result "1/2-1/2"]
[WhiteElo "1611"]
[BlackElo "1453"]
[PlyCount "39"]
[EventDate "2018.04.22"]
[EventType "swiss"]
[EventRounds "9"]
[EventCountry "ITA"]
[SourceTitle "CBM 184 Extra"]
[Source "ChessBase"]
[SourceDate "2018.06.28"]
[SourceVersion "1"]
[SourceVersionDate "2018.06.28"]
[SourceQuality "1"]

1. c4 b6 2. Nf3 Bb7 3. e3 e6 4. Nc3 a6 5. d4 Nf6 6. g3 Bb4 7. Bd2 0-0 8. Bg2 Be7 9. 0-0 Qc8 10. a3 Ne4 11. d5 Nxd2 12. Qxd2 d6 13. b4 e5 14. Rab1 Qd8 15. c5 Bc8 16. Ne4 Bg4 17. Ne1 h6 18. Rc1 Nd7 19. cxd6 cxd6 20. Nd3 1/2-1/2

[Event "World Amateur-ch U1700"]
[Site "Cagliari"]
[Date "2018.04.23"]
[Round "2"]
[White "Deiana, Giacomo"]
[Black "Bergin, Cian"]
[Result "0-1"]
[WhiteElo "1611"]
[BlackElo "1377"]
[PlyCount "36"]
[EventDate "2018.04.22"]
[EventType "swiss"]
[EventRounds "9"]
[EventCountry "ITA"]
[SourceTitle "CBM 184 Extra"]
[Source "ChessBase"]
[SourceDate "2018.06.28"]
[SourceVersion "1"]
[SourceVersionDate "2018.06.28"]
[SourceQuality "1"]

1. c4 Nf6 2. g3 e5 3. Bg2 g6 4. Nc3 Bg7 5. Nf3 Nc6 6. 0-0 0-0 7. a3 d5 8. cxd5 Nxd5 9. Nxd5 Qxd5 10. d3 b6 11. Rb1 Bb7 12. Nd2 Qd7 13. Qa4 Rad8 14. Nf3 Nd4 15. Qxd7 Nxe2+ 16. Kh1 Rxd7 17. Re1 Nxc1 18. Rexc1 Rxd3 0-1

[Event "Milan SSM op-B 08"]
[Site "Milan"]
[Date "2014.08.02"]
[Round "5"]
[White "Deiana, Giacomo"]
[Black "Ruggeri, Igor"]
[Result "1-0"]
[WhiteElo "1673"]
[BlackElo "1581"]
[PlyCount "39"]
[EventDate "2014.07.29"]
[EventType "swiss"]
[EventRounds "7"]
[EventCountry "ITA"]
[SourceTitle "EXT 2022"]
[Source "ChessBase"]
[SourceDate "2021.10.06"]
[SourceVersion "1"]
[SourceVersionDate "2021.10.06"]
[SourceQuality "1"]

1. c4 c5 2. Nc3 Nf6 3. Nf3 d5 4. cxd5 Nxd5 5. g3 Nxc3 6. bxc3 Bd7 7. Ne5 Nc6 8. Nxd7 Qxd7 9. Bg2 g6 10. Qa4 Rc8 11. Rb1 b6 12. 0-0 Bg7 13. Bb2 0-0 14. d4 cxd4 15. cxd4 Nb8 16. Qxd7 Nxd7 17. Rfc1 Nc5 18. dxc5 Bxb2 19. Rxb2 bxc5 20. Rbc2 1-0

[Event "Milan SSM op-B 08"]
[Site "Milan"]
[Date "2014.07.30"]
[Round "2"]
[White "Bertora, Silvano"]
[Black "Deiana, Giacomo"]
[Result "1/2-1/2"]
[WhiteElo "1596"]
[BlackElo "1673"]
[PlyCount "69"]
[EventDate "2014.07.29"]
[EventType "swiss"]
[EventRounds "7"]
[EventCountry "ITA"]
[SourceTitle "EXT 2022"]
[Source "ChessBase"]
[SourceDate "2021.10.06"]
[SourceVersion "1"]
[SourceVersionDate "2021.10.06"]
[SourceQuality "1"]

1. e4 g6 2. d4 Bg7 3. Nf3 c5 4. c3 cxd4 5. cxd4 d5 6. e5 Nc6 7. Nc3 e6 8. a3 Bd7 9. b4 a6 10. Be3 Nge7 11. b5 axb5 12. Nxb5 Nf5 13. Qd2 0-0 14. Bg5 Qa5 15. g4 Qxd2+ 16. Bxd2 Nh6 17. Bxh6 Bxh6 18. g5 Bg7 19. Nd6 Na5 20. Nd2 Bc6 21. Bb5 Bxb5 22. Nxb5 Rfc8 23. Ke2 Bf8 24. h4 Nc4 25. Nxc4 Rxc4 26. h5 Rc2+ 27. Ke3 Rac8 28. f4 Rb2 29. a4 Rcc2 30. Rad1 Re2+ 31. Kd3 Bb4 32. Nc3 Rg2 33. Rh3 Rgc2 34. Nb1 Ra2 35. Nc3 1/2-1/2

[Event "Alcudia Belleuve"]
[Site "Alcudia"]
[Date "2012.10.20"]
[Round "7.25"]
[White "Deiana, Giacomo"]
[Black "Alfven, Jorgen"]
[Result "1/2-1/2"]
[WhiteElo "1687"]
[BlackElo "1846"]
[PlyCount "94"]
[EventDate "2012.10.14"]
[EventType "swiss"]
[EventRounds "9"]
[EventCountry "ESP"]
[SourceTitle "EXT 2024"]
[Source "ChessBase"]
[SourceDate "2023.10.10"]
[SourceVersion "1"]
[SourceVersionDate "2023.10.10"]
[SourceQuality "1"]

1. c4 e5 2. g3 Nc6 3. Bg2 Nf6 4. Nc3 g6 5. d3 Bg7 6. Nf3 d6 7. 0-0 0-0 8. Rb1 Nd4 9. Bg5 Ne6 10. Bd2 Nh5 11. Qc1 c6 12. Bh6 f5 13. Bxg7 Kxg7 14. e3 Qe7 15. b4 g5 16. Ne2 g4 17. Nd2 Ng5 18. Qc3 Kg8 19. b5 Bd7 20. d4 e4 21. Nf4 Nxf4 22. exf4 Ne6 23. bxc6 bxc6 24. Rb7 Rfc8 25. Rfb1 Nd8 26. R7b2 h5 27. Nf1 Qf6 28. Qd2 Kg7 29. Ne3 Kg6 30. Bf1 Be6 31. d5 cxd5 32. cxd5 Bf7 33. Ba6 Rc5 34. Rc2 Rxc2 35. Qxc2 Qd4 36. Qc7 Qf6 37. a4 Bg8 38. Bb5 a6 39. Bc4 Nf7 40. Qb7 Qd8 41. Bxa6 h4 42. Qc6 h3 43. Bb5 Rc8 44. Qd7 Qxd7 45. Bxd7 Rc5 46. Kf1 Nh6 47. Be6 Kf6 1/2-1/2

[Event "Alcudia Belleuve"]
[Site "Alcudia"]
[Date "2012.10.19"]
[Round "6.32"]
[White "Febrero Perez, Lluis"]
[Black "Deiana, Giacomo"]
[Result "0-1"]
[WhiteElo "1597"]
[BlackElo "1687"]
[PlyCount "84"]
[EventDate "2012.10.14"]
[EventType "swiss"]
[EventRounds "9"]
[EventCountry "ESP"]
[SourceTitle "EXT 2024"]
[Source "ChessBase"]
[SourceDate "2023.10.10"]
[SourceVersion "1"]
[SourceVersionDate "2023.10.10"]
[SourceQuality "1"]

1. e4 c5 2. Nf3 e6 3. b3 a6 4. Bb2 Nc6 5. d4 cxd4 6. Nxd4 Nf6 7. Nxc6 bxc6 8. e5 Nd5 9. c4 Bb4+ 10. Nd2 Nc3 11. Qf3 Qa5 12. a3 Qxe5+ 13. Be2 Qxe2+ 14. Qxe2 Nxe2 15. axb4 Nf4 16. 0-0 0-0 17. Be5 Ng6 18. Bd6 Re8 19. Nf3 Bb7 20. Nd4 Ne7 21. Rfe1 Nc8 22. Bf4 f6 23. c5 Kf7 24. Bd2 Ne7 25. g4 g5 26. Re3 Kg6 27. h4 h6 28. h5+ Kf7 29. Rd3 Nd5 30. Ne2 Rad8 31. Ng3 d6 32. Ne4 dxc5 33. bxc5 Re7 34. Nd6+ Kg7 35. Nxb7 Rxb7 36. Rxa6 Rc8 37. Ra4 e5 38. Re4 Ra8 39. Kh2 Rbb8 40. Ra4 Rxb3 41. Rxa8 Rxd3 42. Ra7+ Kf8 0-1

[Event "Alcudia Belleuve"]
[Site "Alcudia"]
[Date "2012.10.14"]
[Round "1.23"]
[White "Deiana, Giacomo"]
[Black "Romeu de la Cruz, Josep"]
[Result "0-1"]
[WhiteElo "1687"]
[BlackElo "1902"]
[PlyCount "60"]
[EventDate "2012.10.14"]
[EventType "swiss"]
[EventRounds "9"]
[EventCountry "ESP"]
[SourceTitle "EXT 2024"]
[Source "ChessBase"]
[SourceDate "2023.10.10"]
[SourceVersion "1"]
[SourceVersionDate "2023.10.10"]
[SourceQuality "1"]

1. c4 d6 2. g3 Nf6 3. Bg2 c6 4. Nc3 g6 5. Nf3 Bg7 6. 0-0 0-0 7. d3 Nbd7 8. Rb1 Qc7 9. b4 a6 10. Qc2 e5 11. a4 Ne8 12. b5 axb5 13. axb5 f5 14. bxc6 bxc6 15. Ng5 Nc5 16. Be3 h6 17. Bxc5 hxg5 18. Bb6 Qd7 19. e3 Bb7 20. Qb3 Kh7 21. d4 e4 22. Ra1 Nf6 23. Rxa8 Rxa8 24. Rd1 d5 25. cxd5 cxd5 26. Rb1 Ba6 27. Bc5 Bd3 28. Re1 Bc4 29. Qb4 f4 30. exf4 gxf4 0-1

[Event "EU-ch Seniors 12th"]
[Site "Kaunas"]
[Date "2012.08.24"]
[Round "7"]
[White "Deiana, Giacomo"]
[Black "Ibragimov, Eduard"]
[Result "1-0"]
[WhiteElo "1679"]
[BlackElo "1782"]
[PlyCount "80"]
[EventDate "2012.08.18"]
[EventType "swiss"]
[EventRounds "9"]
[EventCountry "LTU"]
[SourceTitle "CBM 150 Extra"]
[Source "ChessBase"]
[SourceDate "2012.10.19"]
[SourceVersion "1"]
[SourceVersionDate "2012.10.19"]
[SourceQuality "1"]

1. c4 c6 2. Nf3 Nf6 3. g3 d5 4. Bg2 dxc4 5. Na3 Be6 6. Ng5 Bd5 7. e4 h6 8. exd5 hxg5 9. dxc6 Nxc6 10. Nxc4 e6 11. Qa4 Qc7 12. 0-0 Be7 13. Ne5 Nd5 14. Nxc6 bxc6 15. d3 0-0 16. Qg4 Rab8 17. Rb1 Qe5 18. Qe4 Qf6 19. Bd2 Rxb2 20. Bxg5 Qc3 21. Rxb2 Qxb2 22. Bxe7 Nxe7 23. Qc4 Qb6 24. h4 Rd8 25. Qc2 Qd4 26. Rb1 g6 27. Bf1 Rd7 28. Qd2 Qd5 29. Qh6 Nf5 30. Qg5 Kh7 31. h5 gxh5 32. Qxh5+ Nh6 33. Qe2 Qc5 34. Bg2 Qd6 35. Qe4+ f5 36. Qe3 Ng4 37. Qg5 Qxd3 38. Qh5+ Kg7 39. Rb8 Nf6 40. Qh8+ Kf7 1-0

[Event "Mediterranean op 5th"]
[Site "Rijeka"]
[Date "2011.11.13"]
[Round "2"]
[White "Deiana, Giacomo"]
[Black "Matijevic, Filip"]
[Result "0-1"]
[WhiteElo "1684"]
[BlackElo "2012"]
[PlyCount "58"]
[EventDate "2011.11.11"]
[EventType "swiss"]
[EventRounds "9"]
[EventCountry "CRO"]
[SourceTitle "EXT 2012"]
[Source "ChessBase"]
[SourceDate "2011.11.24"]
[SourceVersion "1"]
[SourceVersionDate "2011.11.24"]
[SourceQuality "1"]

1. Nf3 Nf6 2. g3 g6 3. Bg2 Bg7 4. 0-0 0-0 5. d4 d5 6. Nbd2 c5 7. c3 Nbd7 8. Re1 b6 9. e4 dxe4 10. Nxe4 Nxe4 11. Rxe4 Bb7 12. Re1 e6 13. Bg5 Qc8 14. Qd2 Re8 15. Rac1 Nf6 16. Bxf6 Bxf6 17. Qf4 Kg7 18. g4 h6 19. h4 Qb8 20. Qxb8 Raxb8 21. Re3 Bxf3 22. Rxf3 Bxh4 23. Rd1 Red8 24. Rh3 cxd4 25. Rxh4 dxc3 26. Rxd8 c2 27. Rxb8 c1Q+ 28. Bf1 Qxb2 29. g5 Qe5 0-1

[Event "Mediterranean op 5th"]
[Site "Rijeka"]
[Date "2011.11.11"]
[Round "1"]
[White "Dimitrov, Pavel"]
[Black "Deiana, Giacomo"]
[Result "1-0"]
[WhiteElo "2353"]
[BlackElo "1684"]
[PlyCount "33"]
[EventDate "2011.11.11"]
[EventType "swiss"]
[EventRounds "9"]
[EventCountry "CRO"]
[SourceTitle "EXT 2012"]
[Source "ChessBase"]
[SourceDate "2011.11.24"]
[SourceVersion "1"]
[SourceVersionDate "2011.11.24"]
[SourceQuality "1"]

1. e4 c5 2. d4 cxd4 3. c3 dxc3 4. Nxc3 Nc6 5. Nf3 d6 6. Bc4 e6 7. 0-0 Nf6 8. Qe2 Be7 9. Rd1 Nd7 10. Bf4 0-0 11. Bxd6 Bxd6 12. Rxd6 Qe7 13. Rad1 a6 14. e5 Nb6 15. Bd3 h6 16. Qe4 g6 17. Qe3 1-0

[Event "EU-ch Seniors 11th"]
[Site "Courmayeur"]
[Date "2011.04.06"]
[Round "1"]
[White "Deiana, Giacomo"]
[Black "Nickl, Klaus"]
[Result "0-1"]
[WhiteElo "1689"]
[BlackElo "2140"]
[PlyCount "50"]
[EventDate "2011.04.06"]
[EventType "swiss"]
[EventRounds "9"]
[EventCountry "ITA"]
[SourceTitle "CBM 141 Extra"]
[Source "ChessBase"]
[SourceDate "2011.05.03"]
[SourceVersion "1"]
[SourceVersionDate "2011.05.03"]
[SourceQuality "1"]

1. Nf3 Nf6 2. c4 g6 3. g3 Bg7 4. Bg2 0-0 5. 0-0 d6 6. d4 Nc6 7. Nc3 a6 8. e4 Bg4 9. h3 Bxf3 10. Bxf3 Nd7 11. Be3 e5 12. d5 Nd4 13. Bg2 c5 14. dxc6 bxc6 15. f4 Qb6 16. Rb1 Qb4 17. Qa4 Qc5 18. Bf2 Nb6 19. Qa3 Qxa3 20. bxa3 Nxc4 21. Rfd1 Nxa3 22. Rb7 Nab5 23. Nxb5 axb5 24. Bxd4 exd4 25. e5 dxe5 0-1

[Event "ITA-ch Seniors 31st"]
[Site "Arvier"]
[Date "2009.04.27"]
[Round "5"]
[White "Cesati Cassin, Giorgio"]
[Black "Deiana, Giacomo"]
[Result "1/2-1/2"]
[WhiteElo "1398"]
[BlackElo "1724"]
[PlyCount "25"]
[EventDate "2009.04.24"]
[EventType "swiss"]
[EventRounds "9"]
[EventCountry "ITA"]
[SourceTitle "EXT 2011"]
[Source "ChessBase"]
[SourceDate "2010.11.26"]
[SourceVersion "1"]
[SourceVersionDate "2010.11.26"]
[SourceQuality "1"]

1. e4 c5 2. Nc3 d6 3. g3 g6 4. Bg2 Bg7 5. Nge2 Nf6 6. 0-0 Nc6 7. h3 0-0 8. d3 e5 9. f4 Nh5 10. fxe5 Nxe5 11. Be3 Be6 12. Qd2 Qd7 13. Kh2 1/2-1/2